Welsh on the register (Record no. 68361)

MARC details
000 -LEADER
fixed length control field 00669cam a2200193 4500
001 - CONTROL NUMBER
control field WB3736-27
008 - FIXED-LENGTH DATA ELEMENTS--GENERAL INFORMATION
fixed length control field 010926n2001 000 0 eng u
035 ## - SYSTEM CONTROL NUMBER
System control number (Sirsi) u114829
245 ## - TITLE STATEMENT
Title Welsh on the register
260 ## - PUBLICATION, DISTRIBUTION, ETC.
Date of publication, distribution, etc. 2001
490 ## - SERIES STATEMENT
Series statement HM Land Registry Press Release
Volume/sequential designation (26/01) 25 September 2001, (1)
520 ## - SUMMARY, ETC.
Summary, etc. The Land Registry is to launch a dual language, English/Welsh, register on 1 October 2001. A leaflet (PIL 32) outlining the changes is available from any district land registry or from www.landreg.gov.uk.
590 ## - LOCAL NOTE (RLIN)
Local note WB
650 ## - SUBJECT ADDED ENTRY--TOPICAL TERM
Topical term or geographic name entry element LAND REGISTERS
650 ## - SUBJECT ADDED ENTRY--TOPICAL TERM
Topical term or geographic name entry element HM LAND REGISTRY
650 ## - SUBJECT ADDED ENTRY--TOPICAL TERM
Topical term or geographic name entry element WELSH
690 ## - LOCAL SUBJECT ADDED ENTRY--TOPICAL TERM (OCLC, RLIN)
Topical term or geographic name as entry element PROPERTY
942 ## - ADDED ENTRY ELEMENTS (KOHA)
Suppress in OPAC 0
Holdings
Withdrawn status Lost status Source of classification or shelving scheme Damaged status Not for loan Home library Current library Shelving location Date acquired Total Checkouts Full call number Barcode Date last seen Copy number Price effective from Koha item type
    Dewey Decimal Classification     London London News article 26/09/2001   WB3736-27 114829-1001 06/08/2019 1 06/08/2019 News article